Bank lending : (Record no. 121099)
[ view plain ]
| 000 -LEADER | |
|---|---|
| fixed length control field | 00431cas a2200145 4500 |
| 008 - FIXED-LENGTH DATA ELEMENTS--GENERAL INFORMATION | |
| fixed length control field | 140908n eng u |
| 020 ## - INTERNATIONAL STANDARD BOOK NUMBER | |
| International Standard Book Number | 0746303742 |
| 035 ## - SYSTEM CONTROL NUMBER | |
| System control number | (Sirsi) a184826 |
| 050 ## - LIBRARY OF CONGRESS CALL NUMBER | |
| Classification number | HG 1581 AND 1991 |
| 100 1# - MAIN ENTRY--PERSONAL NAME | |
| Personal name | Anderson, Peter |
| 245 ## - TITLE STATEMENT | |
| Title | Bank lending : |
| Remainder of title | a practical introduction , |
| Statement of responsibility, etc. | Peter Anderson |
| 260 ## - PUBLICATION, DISTRIBUTION, ETC. | |
| Place of publication, distribution, etc. | Plymouth : |
| Name of publisher, distributor, etc. | Northcote house , |
| Date of publication, distribution, etc. | 1991. |
| 300 ## - PHYSICAL DESCRIPTION | |
| Extent | [x], 144p. : |
| Other physical details | ill. |
| 650 ## - SUBJECT ADDED ENTRY--TOPICAL TERM | |
| Topical term or geographic name entry element | Banks and banking |
No items available.